Select Asia Countries on Map - Statistics

General Stats
  • This quiz has been taken 81 times
  • The average score is 40 of 48
Answers on the Map
Answers color-coded by a green-red scale on the quiz's map according to % correct below.
 
Answer Stats
Answer % Correct
China
95%
Japan
91%
Turkey
91%
Maldives
90%
Saudi Arabia
90%
Thailand
90%
India
88%
Iran
88%
Kazakhstan
88%
Laos
88%
Mongolia
88%
North Korea
88%
South Korea
88%
Pakistan
86%
Yemen
86%
Indonesia
84%
Jordan
84%
Malaysia
84%
Myanmar
84%
Nepal
84%
Philippines
84%
Sri Lanka
84%
United Arab
Emirates
84%
Vietnam
84%
Bangladesh
83%
Cambodia
83%
Oman
83%
Taiwan
83%
Afghanistan
81%
Azerbaijan
81%
Iraq
81%
Kuwait
81%
Armenia
79%
Cyprus
79%
Georgia
79%
Israel
79%
Lebanon
79%
Bhutan
78%
Singapore
78%
Qatar
76%
Syria
76%
Uzbekistan
76%
East Timor
74%
Kyrgyzstan
74%
Tajikistan
74%
Turkmenistan
74%
Brunei
69%
Bahrain
66%
No matching quizzes found
Score Distribution
Percent of People with Each Score
Percentile by Number Answered
Your Score History
You have not taken this quiz